Asking God your hardest questions / (Record no. 202)

MARC details
000 -LEADER
fixed length control field 01023pam a2200289 a 4500
005 - DATE AND TIME OF LATEST TRANSACTION
control field 20260322212010.0
008 - FIXED-LENGTH DATA ELEMENTS--GENERAL INFORMATION
fixed length control field data
010 ## - LIBRARY OF CONGRESS CONTROL NUMBER
LC control number 96012560
020 ## - INTERNATIONAL STANDARD BOOK NUMBER
International Standard Book Number 087788059X (pbk.)
020 ## - INTERNATIONAL STANDARD BOOK NUMBER
International Standard Book Number 9780877880592 (pbk.)
040 ## - CATALOGING SOURCE
Original cataloging agency DLC
Transcribing agency DLC
Modifying agency DLC
050 00 - LIBRARY OF CONGRESS CALL NUMBER
Classification number BT77
Item number .O35 1996
082 00 - DEWEY DECIMAL CLASSIFICATION NUMBER
Classification number 230/.51
Edition information 20
092 ## - LOCALLY ASSIGNED DEWEY CALL NUMBER (OCLC)
Classification number 230.51 Ogi 1996
001 - CONTROL NUMBER
control field data
100 1# - MAIN ENTRY--PERSONAL NAME
Personal name Ogilvie, Lloyd John.
240 10 - UNIFORM TITLE
Uniform title Ask Him anything
245 10 - TITLE STATEMENT
Title Asking God your hardest questions /
Statement of responsibility, etc. Lloyd John Ogilvie.
260 ## - PUBLICATION, DISTRIBUTION, ETC.
Place of publication, distribution, etc. Wheaton, Ill. :
Name of publisher, distributor, etc. H. Shaw Publishers,
Date of publication, distribution, etc. c1996.
300 ## - PHYSICAL DESCRIPTION
Extent 253 p. ;
Dimensions 23 cm.
500 ## - GENERAL NOTE
General note Originally published: Ask Him anything. Waco, Tex. : Word Books, c1981.
650 #0 - SUBJECT ADDED ENTRY--TOPICAL TERM
Topical term or geographic name entry element Theology, Doctrinal
General subdivision Popular works.
650 #0 - SUBJECT ADDED ENTRY--TOPICAL TERM
Topical term or geographic name entry element Christian life
General subdivision Presbyterian authors.
906 ## - LOCAL DATA ELEMENT F, LDF (RLIN)
a 7
b cbc
c orignew
d 1
e ocip
f 19
g y-gencatlg
991 ## -
-- c-GenColl
-- BT77
-- .O35 1996
-- 00034610277
-- Copy 1
-- BOOKS
Holdings
Withdrawn status Lost status Damaged status Not for loan Home library Current library Shelving location Date acquired Total checkouts Full call number Barcode Date last seen Price effective from Koha item type
        Franklin Franklin General stacks 22/03/2026   230/.51 20 BC0010209 22/03/2026 22/03/2026 Books